=LDR 00000nam 2200000 4500 =001 INLIS000000000002805 =005 20130612091126 =008 ***********************************Ind** =035 ##$$0010-061300000002805 =041 ##$$a Ind =082 ##$$a 813.01 =090 ##$$a 813.01, Hid o =100 ##$$a Hidayat, Hudan =245 ##$$a Orang sakit, kumpulan cerpen, Hudan Hidayat =260 ##$$a 2000 $b Magelang =300 ##$$a xi,119 hlm, 21 cm =650 ##$$a Cerita Pendek =650 ##$$a Indonesia =850 ##$$a NBPNMAT